000 00593nam a2200205Ia 4500
003 BUBTL
008 151213s9999 xx 000 0 und d
020 _a9847002100069
082 _b421/ Sh139w/ 2008
100 _aShahidullah, Dr. M.
_94632
245 _aWriting Effective Paragraphs :
_cDr. M. Shahidullah
250 _a1st
260 _aDhaka
_bAlbatross Publications
_cc2008
300 _a217p. :
_b22cm
650 _aEnglish Language
_9194
700 _aDr. M. Shahidullah
_94633
856 _k0
_l0
_yDownload
942 _2ddc
_cBK
999 _c4877
_d4877